Los Estados Unidos y Santo Domingo, 1798-1873 : (Registro nro. 14380)

Detalles MARC
000 -LEADER
fixed length control field 01092nam a2200277 a 4500
001 - CONTROL NUMBER
control field 000002925
003 - CONTROL NUMBER IDENTIFIER
control field DO-SdBNP
005 - DATE AND TIME OF LATEST TRANSACTION
control field 20230405093923.0
008 - FIXED-LENGTH DATA ELEMENTS--GENERAL INFORMATION
fixed length control field 090706s1977 dr r 000 0 spa d
020 ## - INTERNATIONAL STANDARD BOOK NUMBER
International Standard Book Number 8484010074
040 ## - CATALOGING SOURCE
Original cataloging agency DO-SdBNP
Language of cataloging spa
Transcribing agency BPMSU
082 ## - DEWEY DECIMAL CLASSIFICATION NUMBER
Classification number 327.7307293
Item number T168e 1977
Edition number 22
100 1# - MAIN ENTRY--PERSONAL NAME
Personal name Tansill, Charles Callan,
Dates associated with a name 1890-1964.
245 14 - TITLE STATEMENT
Title Los Estados Unidos y Santo Domingo, 1798-1873 :
Remainder of title un capítulo en la diplomacia del Caribe /
Statement of responsibility, etc. Charles Callan Tansill.
246 14 - VARYING FORM OF TITLE
Title proper/short title Los Estados Unidos y Santo Domingo, 1978-1873.
260 ## - PUBLICATION, DISTRIBUTION, ETC. (IMPRINT)
Place of publication, distribution, etc. Santo Domingo :
Name of publisher, distributor, etc. Editora de Santo Domingo,
Date of publication, distribution, etc. 1977.
300 ## - PHYSICAL DESCRIPTION
Extent 546 p. ;
Dimensions 22 cm.
490 0# - SERIES STATEMENT
Series statement Sociedad Dominicana de Bibliófilos
504 ## - BIBLIOGRAPHY, ETC. NOTE
Bibliography, etc Incluye referencias bibliográficas y notas al pie de las páginas.
590 ## - LOCAL NOTE (RLIN)
Local note Inventariado, 2023/VM
651 #4 - SUBJECT ADDED ENTRY--GEOGRAPHIC NAME
Geographic name Estados Unidos
General subdivision Relaciones exteriores
Geographic subdivision República Dominicana
651 #4 - SUBJECT ADDED ENTRY--GEOGRAPHIC NAME
Geographic name República Dominicana
General subdivision Relaciones exteriores
Geographic subdivision Estados Unidos
710 2# - ADDED ENTRY--CORPORATE NAME
Corporate name or jurisdiction name as entry element Sociedad Dominicana de Bibliófilos
910 ## - USER-OPTION DATA (OCLC)
User-option data VMateo V. Control de calidad (BPMSU)
942 ## - ADDED ENTRY ELEMENTS (KOHA)
Source of classification or shelving scheme Dewey Decimal Classification
Koha item type Libros
Existencias
Withdrawn status Lost status Source of classification or shelving scheme Damaged status Not for loan Collection code Home library Current library Date acquired Source of acquisition Total Checkouts Full call number Barcode Date last seen Price effective from Koha item type
    Dewey Decimal Classification     Colección Dominicana Biblioteca Pública Metropolitana Salomé Ureña Biblioteca Pública Metropolitana Salomé Ureña 04/05/2023 Copardom   BPMSU CD 327.7307293 T168e 1977 BPMSU23040007 04/05/2023 04/05/2023 Libros